Feasts and fasts : (Record no. 102174)
[ view plain ]
| 000 -LEADER | |
|---|---|
| fixed length control field | 01054nam a22002537a 4500 |
| 005 - DATE AND TIME OF LATEST TRANSACTION | |
| control field | 20240430170753.0 |
| 010 ## - LCCN (DPL NO) | |
| LC control number | 1617EN ENG-116993 ENG-139986 |
| 020 ## - INTERNATIONAL STANDARD BOOK NUMBER | |
| International Standard Book Number | 9789385755347 |
| Terms of availability | 699.00 |
| 035 ## - SYSTEM CONTROL NUMBER | |
| System control number | B-651808-813 |
| 035 ## - SYSTEM CONTROL NUMBER | |
| System control number | B-666204 |
| 035 ## - SYSTEM CONTROL NUMBER | |
| System control number | EN-123518 |
| 035 ## - SYSTEM CONTROL NUMBER | |
| System control number | EN-100525 |
| 037 ## - SOURCE OF ACQUISITION | |
| Source of stock number/acquisition | DBAD |
| 082 ## - DEWEY DECIMAL CLASSIFICATION NUMBER | |
| Classification number | 641.300954 |
| 100 ## - MAIN ENTRY--PERSONAL NAME | |
| Personal name | Sen, Colleen Taylor |
| 245 ## - TITLE STATEMENT | |
| Title | Feasts and fasts : |
| Statement of responsibility, etc | by Colleen Taylor Sen |
| Remainder of title | a history of food in India / |
| 260 ## - PUBLICATION, DISTRIBUTION, ETC. (IMPRINT) | |
| Place of publication, distribution, etc | New Delhi |
| Name of publisher, distributor, etc | Speaking Tiger |
| Date of publication, distribution, etc | 2016 |
| 270 ## - ADDRESS | |
| Address | 4381/4, Ansari Road, Darya Ganj, |
| City | New Delhi |
| Postal code | 110002 |
| 300 ## - PHYSICAL DESCRIPTION | |
| Extent | 349p. |
| Dimensions | 25cm(pbk) |
| 500 ## - GENERAL NOTE | |
| General note | Includes index |
| 942 ## - ADDED ENTRY ELEMENTS (KOHA) | |
| Source of classification or shelving scheme | Dewey Decimal Classification |
| Item type | English Books |
| Call number suffix | SEN |
| Classification part | 641.300954 |
| Withdrawn status | Lost status | Not for loan | Collection code | Home library | Current library | Date acquired | Source of acquisition | Cost, normal purchase price | Full call number | Barcode | Copy number | Cost, replacement price | Koha item type |
|---|---|---|---|---|---|---|---|---|---|---|---|---|---|
| Non-fiction | Ashok Vihar | Ashok Vihar | 03/05/2017 | BPPD/EN/2016-17/AV/2016-17/466/15.2.2017/566/28.2.2017/ 10.3.2017 | 699.00 | 641.300954 SEN | B-666204 | 1 | 699.00 | English Books | |||
| Non-fiction | Ashok Vihar | Ashok Vihar | 30/04/2024 | DBAD | 699.00 | SEN 641.300954 | EN-123518 | 1 | 699.00 | English Books | |||
| Not For Loan | Non-fiction | D.B.Act.Division | Bawana | 02/01/2017 | DBAD/PUB | 699.00 | 641.300954 SEN | EN-100525 | 1 | 699.00 | English Books | ||
| Non-fiction | Central Library | Central Library | 10/02/2017 | BPPD/EN/2016-17/300/24.11.2016/IN339/2.12.2016/4.1.2017 | 699.00 | 641.300954 SEN | B-651808 | 1 | 699.00 | English Books | |||
| Non-fiction | Janak Puri | Janak Puri | 10/02/2017 | BPPD/EN/2016-17/300/24.11.2016/IN339/2.12.2016/4.1.2017 | 699.00 | 641.300954 SEN | B-651810 | 1 | 699.00 | English Books | |||
| Non-fiction | Karol Bagh | Karol Bagh | 10/02/2017 | BPPD/EN/2016-17/300/24.11.2016/IN339/2.12.2016/4.1.2017 | 699.00 | 641.300954 SEN | B-651812 | 1 | 699.00 | English Books | |||
| Non-fiction | Patel Nagar | Patel Nagar | 10/02/2017 | BPPD/EN/2016-17/300/24.11.2016/IN339/2.12.2016/4.1.2017 | 699.00 | 641.300954 SEN | B-651809 | 1 | 699.00 | English Books | |||
| Non-fiction | Sarojini Nagar | Sarojini Nagar | 10/02/2017 | BPPD/EN/2016-17/300/24.11.2016/IN339/2.12.2016/4.1.2017 | 699.00 | 641.300954 SEN | B-651811 | 1 | 699.00 | English Books | |||
| Non-fiction | Shahdara Branch | Shahdara Branch | 10/02/2017 | BPPD/EN/2016-17/300/24.11.2016/IN339/2.12.2016/4.1.2017 | 699.00 | 641.300954 SEN | B-651813 | 1 | 699.00 | English Books |
